Evolution or Chos;dynamics of Latin American government and politics (Record no. 422033)

000 -LEADER
fixed length control field 00630cam a22001697a 4500
008 - FIXED-LENGTH DATA ELEMENTS--GENERAL INFORMATION
fixed length control field 180718b1963 xxu||||| |||| 00| 0 eng d
082 ## - DEWEY DECIMAL CLASSIFICATION NUMBER
Classification number B5x8 Sch56
100 ## - MAIN ENTRY--PERSONAL NAME
Personal name Schmitt, Karl Michael
245 ## - TITLE STATEMENT
Title Evolution or Chos;dynamics of Latin American government and politics
Statement of responsibility, etc. by Karl Michael Schmitt and David D. Burks
260 ## - PUBLICATION, DISTRIBUTION, ETC.
Place of publication, distribution, etc. New York
Name of publisher, distributor, etc. Praeger
Date of publication, distribution, etc. 1963
300 ## - PHYSICAL DESCRIPTION
Extent xii, 308p
650 ## - SUBJECT ADDED ENTRY--TOPICAL TERM
Topical term or geographic name entry element United States --Relations --Latin America.
650 ## - SUBJECT ADDED ENTRY--TOPICAL TERM
Topical term or geographic name entry element Latin America --Relations --United States
650 ## - SUBJECT ADDED ENTRY--TOPICAL TERM
Topical term or geographic name entry element Latin America --Social conditions
650 ## - SUBJECT ADDED ENTRY--TOPICAL TERM
Topical term or geographic name entry element Latin America --Politics and government --1948
700 ## - ADDED ENTRY--PERSONAL NAME
Personal name Burks, David D
Holdings
Withdrawn status Lost status Damaged status Not for loan Permanent Location Current Location Date acquired Full call number Barcode Date last seen Price effective from Koha item type
        Indian Institute of Public Administration Indian Institute of Public Administration 2009-08-12 B5x8 Sch56 36955 2018-07-21 2018-07-21 Book

Powered by Koha